000 00952nam a22003137a 4500
001 BR8800399
003 BR-BrBNA
005 20230928092831.0
007 ta
008 230509b bl.||||| |||| 00| 0 por d
040 _aBR-BrBNA
_bpor
_cBiblioteca Nacional de Agricultura
041 _a(Eng)
072 _aP40
_b/G514
090 _ P40 BR8800399
100 1 _aMoura, A.D.
110 1 _aInstituto de Pesquisas Espaciais, Sao Jose dos Campos, SP (Brasil)
111 1 _aTOGA Conference
_cParis (France)
_d17-21 Sep 1984
245 1 _aNortheast Brazil droughts and Atlantic SST anomalies [Nordeste, Brasil]
_bINPE-3538-PRE/754
260 3 _aSao Jose dos Campos, SP (Brasil):
_c1985.
300 _a9 p.
500 _a8 illus.; 12 ref.; Summary (Eng)
650 _aSECA
650 _aCLIMA
650 _aMETEOROLOGIA
650 _aPRECIPITACAO PLUVIAL
650 _aREGIAO NORDESTE
909 _a202309
_bLucia
_c55
_dLucia Elande
942 _cBK
999 _c41462
_d41462